000 00705cam a2200181 i 4500
005 20260126115845.0
008 250721s2018 ua gr 000 0 ara d
020 _a9789777612142
082 1 4 _a346.09
_bط ه
100 1 _aطه، مصطفى كمال
_eمؤلف.
245 1 2 _aالأوراق التجارية ووسائل الدفع الالكترونية الحديثة /
_cالأستاذ الدكتور مصطفى كمال طه.
264 3 1 _aالقاهرة :
_bالمركز القومي للإصدارات القانونية،
_c2018.
300 _a333 صفحة.
650 1 7 _aالقانون التجاري.
650 1 7 _aالحوالات.
942 _2ddc
_cBK
999 _c141111
_d141111